LEADER 01151nam 2200373Ia 450 001 996392905203316 005 20221108011825.0 035 $a(CKB)1000000000683120 035 $a(EEBO)2240864908 035 $a(OCoLC)11415395 035 $a(EXLCZ)991000000000683120 100 $a19841121d1675 uy | 101 0 $aeng 135 $aurbn||||a|bb| 200 10$aSermons preached$b[electronic resource] /$fby ... Henry Hammond 210 $aLondon $cPrinted for Robert Pawlet ...$dMDCLXXV [i.e. 1675] 215 $a[2], 297 p 300 $aIllustrated t.p. 300 $a"Imprimatur, ex æd sabaud. Apr. 24, 1663. Geo. Stradling ..." 300 $aSome blank pages inserted in text. 300 $aPages 234-239 repeated. 300 $aReproduction of original in the Harvard University Library. 330 $aeebo-0062 606 $aSermons, English$y17th century 615 0$aSermons, English 700 $aHammond$b Henry$f1605-1660.$0322258 801 0$bEAK 801 1$bEAK 801 2$bUMI 801 2$bWaOLN 906 $aBOOK 912 $a996392905203316 996 $aSermons preached$92378056 997 $aUNISA